Statistiche per Quattro nazioni, una bandiera?

Clicka qui per fare il quiz!

Statistiche generali

  • Questo quiz è stato fatto 3.766 volte
  • Il punteggio medio è 12 su 16

Statistiche sulle risposte

Risposta% Corretto
Norvegia
99%
Danimarca
96%
Finlandia
96%
Islanda
95%
Argentina
90%
Romania
90%
Moldavia
83%
Andorra
81%
Honduras
70%
Repubblica Democratica del Congo
68%
Ciad
67%
El Salvador
60%
Nicaragua
60%
Tanzania
60%
Namibia
50%
Saint Kitts e Nevis
45%

Distribuzione punteggi

Percentile per numero di risposta

Percentuale di utenti per punteggio

I tuoi punteggi nel tempo

Non hai fatto questo quiz